Zachráň sa, kto môžeš
| Titel: | Zachráň sa, kto môžeš : Židia na Slovensku v rokoch 1944-1950: poznámky a úvahy |
|---|---|
| Verfasser: | |
| In: |
Acta judaica slovaca, Band 4 (1998), Seite 91-119 alle Artikel anzeigen |
| Veröffentlicht: | 1998 |
| Format: | Aufsatz |
| Sprache: | Slowakisch |
X
alg: 39271942 001A $01999:11-11-16 001B $06050:05-02-25 $t15:45:53.000 001C $06050:19-11-16 $t15:06:50.000 001D $01999:11-11-16 001U $0utf8 001X $00 002@ $0Aox 003@ $0392719428 007A $0392719428 $aHEB 007T $0Herdb02967 010@ $aslo 011@ $a1998 021A $aZachráň sa, kto môžeš $dŽidia na Slovensku v rokoch 1944-1950: poznámky a úvahy 028A $aJelinek $dYeshayahu Andrej 031A $d4 $h91-119 $j1998 039B $aIn $8--Abvc--. Acta judaica slovaca. - Bratislava : [Verlag nicht ermittelbar], 1993- $x199800000040000909 $905482012X 045F $a909.04924094373 $eDDC23BSB 045F/01 $a909.04924 045F/03 $g4373 045T $a7,41 045T $aJUDAICA $qDE-30 $2FID 045T $aOST $qDE-12 $2FID lok: 39271942 78 exp: 39271942 78 1 #EPN 201B/01 $019-04-17 $t11:30:39.000 201U/01 $0utf8 203@/01 $0788818783 208@/01 $a11-11-16 $be 209A/01 $a/ $f000 $x00 220C/01 $aTitelaufnehmer: azs;kk 220C/01 $aHerkunft: Hú SAV Bratislava 244Z/01 $2Trx $#Slowakische Republik $#Szlovák Köztársaság $#Republika Słowacka $#Slovenská Republika $#Slovensko $#Slowakei $#Słowacja $#Slovensko $8--Trx--Slovenská Republika $x01 $9391345796 244Z/01 $aGeschichte 1944-1950 $x02 244Z/01 $2Trx $#juudid $#žydai $#Jews $#zsidók $#Żydzi $#Židia $#Židé $#Minderheit, jüdische $#Litvaken $#mniejszość żydowska $#menšina židovská $#menšina židovská $8--Trx--Juden $x03 $9391371312 244Z/01 $2Trx $#juutide tagakiusamine $#žydų persekiojimas $#persecution of Jews $#zsidóüldözés $#prześladowania Żydów $#prenasledovanie Židov $#pronásledování židů $#Pogrome $#Reichspogromnacht $#pogromy $#noc kryształowa 1938 $#pogromy $#pogromy $8--Trx--Judenverfolgung $x04 $9391368877 244Z/01 $2Trx $#deporteerimine $#deportacijos $#deportations $#deportálások fogolyszállítások $#deportacje $#deportácie $#deportace $8--Trx--Deportationen$xGefangenentransporte $x05 $939137429X 244Z/01 $2Trx $#töö- ja vangilaagrid $#belaisvių ir internuotųjų stovyklos $#Labour and internment camps $#fogoly- és internálótábor $#obozy pracy i internowania $#tábory pracovné, zajatecké a internačné $#tábory pracovní, zajatecké a internační $#Gefangenenlager $#Internierungslager $#Arbeitslager $#tábory pracovné $#tábory pracovní $8--Trx--Arbeits-, Gefangenen- und Internierungslager $x06 $9391383205 244Z/01 $2Trx $8--Trx--Zeitschriftenaufsatz $x07 $9391384341 245Z/01 $a08.04.09 $x01 247C/01 $82080>Marburg/Lahn, Herder-Institut, Forschungsbibliothek, Bibliographieportal $9336309341
| LEADER | 00000caa a22000002c 4500 | ||
|---|---|---|---|
| 001 | 392719428 | ||
| 003 | DE-603 | ||
| 005 | 20250205154553.0 | ||
| 007 | tu | ||
| 008 | 161111s1998 xx |||| | u00||u|slo c | ||
| 035 | |a (DE-599)HEB392719428 | ||
| 040 | |a DE-603 |b ger |c DE-603 |d DE-603 | ||
| 041 | |a slo | ||
| 082 | 0 | 4 | |8 1\u |a 909.04924094373 |q DE-101 |2 23/BSB |
| 084 | |a 7,41 |2 ssgn | ||
| 084 | |a JUDAICA |q DE-30 |2 fid | ||
| 084 | |a OST |q DE-12 |2 fid | ||
| 085 | |8 1\u |b 909.04924 | ||
| 085 | |8 1\u |z 2 |s 4373 | ||
| 100 | 1 | |a Jelinek, Yeshayahu Andrej | |
| 245 | 0 | 0 | |a Zachráň sa, kto môžeš |b Židia na Slovensku v rokoch 1944-1950: poznámky a úvahy |
| 264 | 0 | |c 1998 | |
| 773 | 0 | 8 | |i In |t Acta judaica slovaca |d Bratislava : [Verlag nicht ermittelbar], 1993- |g Band 4 (1998), Seite 91-119 |w (DE-603)05482012X |w (DE-600)1241803-1 |
| 924 | 0 | |9 2080 |a (DE-603)788818783 |b DE-2080 |c HES |d d |g / | |


